Methods in microbiology
| Main Author: | |
|---|---|
| Format: | Book |
| Published: |
New Delhi :
Dominant Publishers and Distributors ,
2007
|
| Subjects: |
MARC
| LEADER | 00000cam a2200000 7i4500 | ||
|---|---|---|---|
| 001 | 0000017877 | ||
| 005 | 20080530.0 | ||
| 008 | 300508 | ||
| 020 | |a 8178885034 | ||
| 090 | 0 | 0 | |a 579.0285 |b SRI |
| 100 | 1 | |a Sridhar, Sriram | |
| 245 | 1 | 0 | |a Methods in microbiology |c Sriram Sridhar |
| 260 | |a New Delhi : |b Dominant Publishers and Distributors , |c 2007 | ||
| 650 | 0 | |a Microbiology |x Methodology | |
| 999 | |a 0001019847 |b Book |c REFERENCE |e Cawangan Urban Transformation Centre | ||
| 999 | |a 0001020582 |b Book |c REFERENCE |e Perbadanan Perpustakaan Awam Johor | ||